Statistics for Champions League Winners Finals Lineups Since 2010

Click here to take the quiz!

General Stats

  • This quiz has been taken 97 times
  • The average score is 116 of 143

Answer Stats

Position / NationalityPlayer% Correct
LB - AustriaDavid Alaba
91%
ST - Ivory CoastDidier Drogba
91%
GK - SpainIker Casillas
91%
GK - GermanyManuel Neuer
91%
GK - Czech RepublicPetr Čech
91%
RW - NetherlandsArjen Robben
90%
LW - PortugalCristiano Ronaldo
90%
RB - BrazilDani Alves
90%
LW - FranceFranck Ribéry
90%
RW - WalesGareth Bale
90%
ST - FranceKarim Benzema
90%
GK - GermanyMarc-André ter Stegen
90%
RB - GermanyPhilipp Lahm
90%
CB - SpainSergio Ramos
90%
CM - SpainAndrés Iniesta
88%
CM - SpainAndrés Iniesta
88%
DM - BrazilCasemiro
88%
LW - PortugalCristiano Ronaldo
88%
RW - WalesGareth Bale
88%
CB - SpainGerard Piqué
88%
CB - ArgentinaJavier Mascherano
88%
ST - FranceKarim Benzema
88%
GK - Costa RicaKeylor Navas
88%
GK - Costa RicaKeylor Navas
88%
ST - ArgentinaLionel Messi
88%
RW - ArgentinaLionel Messi
88%
ST - UruguayLuis Suárez
88%
CM - CroatiaLuka Modrić
88%
CM - CroatiaLuka Modrić
88%
ST - CroatiaMario Mandžukić
88%
LW - BrazilNeymar
88%
CB - FranceRaphaël Varane
88%
CB - SpainSergio Ramos
88%
CM - GermanyToni Kroos
88%
GK - SpainVíctor Valdés
88%
CM - SpainXavi
88%
GK - BrazilAlisson
87%
DM - BrazilCasemiro
87%
LW - PortugalCristiano Ronaldo
87%
CM - EnglandFrank Lampard
87%
CB - SpainGerard Piqué
87%
CB - ArgentinaJavier Mascherano
87%
ST - FranceKarim Benzema
87%
CM - CroatiaLuka Modrić
87%
RW - CameroonSamuel Eto'o
87%
DM - SpainSergio Busquets
87%
CB - SpainSergio Ramos
87%
CM - GermanyToni Kroos
87%
DM - BrazilCasemiro
86%
RB - BrazilDani Alves
86%
CM - CroatiaIvan Rakitić
86%
CB - GermanyJérôme Boateng
86%
LB - SpainJordi Alba
86%
GK - Costa RicaKeylor Navas
86%
CM - CroatiaLuka Modrić
86%
RW - EgyptMohamed Salah
86%
CB - FranceRaphaël Varane
86%
CB - SpainSergio Ramos
86%
CB - NetherlandsVirgil van Dijk
86%
LB - ScotlandAndrew Robertson
84%
ST - PortugalCristiano Ronaldo
84%
RB - SpainDani Carvajal
84%
RB - SpainDani Carvajal
84%
RW - SpainDavid Villa
84%
ST - FranceKarim Benzema
84%
LB - BrazilMarcelo
84%
CB - PortugalPepe
84%
CB - FranceRaphaël Varane
84%
CAM - GermanyThomas Müller
84%
CM - GermanyToni Kroos
84%
RB - SpainDani Carvajal
83%
RB - SpainDani Carvajal
83%
CB - AustriaDavid Alaba
83%
CB - CameroonJoël Matip
83%
CM - EnglandJordan Henderson
83%
GK - GermanyManuel Neuer
83%
LB - BrazilMarcelo
83%
LB - BrazilMarcelo
83%
ST - PolandRobert Lewandowski
83%
ST - BrazilRoberto Firmino
83%
LW - SenegalSadio Mané
83%
RB - EnglandTrent Alexander-Arnold
83%
LB - FranceEric Abidal
81%
CM - BrazilFabinho
81%
RW - SpainIsco
81%
CAM - SpainIsco
81%
LW - SpainPedro
81%
CM - SpainSergio Busquets
81%
GK - BelgiumThibaut Courtois
81%
LB - CanadaAlphonso Davies
80%
CM - ArgentinaÀngel Di María
80%
CB - AustriaDavid Alaba
80%
GK - BrazilJúlio César
80%
LW - FranceKingsley Coman
80%
RB - SpainDani Carvajal
78%
GK - SenegalÈdouard Mendy
78%
CM - NetherlandsGeorginio Wijnaldum
78%
CAM - GermanyKai Havertz
78%
CM - CroatiaLuka Modrić
78%
CM - FranceN'Golo Kanté
78%
CAM - GermanyThomas Müller
78%
CM - GermanyToni Kroos
78%
LB - EnglandAshley Cole
77%
CM - BrazilCasemiro
77%
CB - SpainCésar Azpilicueta
77%
CM - SpainJavi Martínez
77%
CM - ItalyJorginho
77%
ST - FranceKarim Benzema
77%
CM - SpainThiago
77%
ST - GermanyTimo Werner
77%
LW - BrazilVinícius Júnior
77%
CAM - NetherlandsWesley Sneijder
77%
CB - GermanyAntonio Rüdiger
75%
CB - BrazilDante
75%
CB - BrazilÈder Militão
75%
RB - GermanyJoshua Kimmich
75%
CM - GermanySami Khedira
75%
CB - BrazilDavid Luiz
74%
ST - ArgentinaDiego Milito
74%
RW - UruguayFederico Valverde
74%
LB - FranceFerland Mendy
74%
CB - GermanyJérôme Boateng
74%
CAM - EnglandMason Mount
74%
RW - GermanySerge Gnabry
74%
CB - BrazilThiago Silva
74%
CM - GermanyBastian Schweinsteiger
72%
RWB - EnglandReece James
72%
LB - PortugalFábio Coentrão
71%
LW - North MacedoniaGoran Pandev
71%
CAM - SpainJuan Mata
71%
CB - BrazilLúcio
71%
RB - BrazilMaicon
71%
CM - GermanyLeon Goretzka
70%
LWB - EnglandBen Chilwell
68%
CB - EnglandGary Cahill
65%
DM - NigeriaJohn Obi Mikel
65%
CM - ArgentinaJavier Zanetti
64%
CM - ArgentinaEsteban Cambiasso
57%
CB - ArgentinaWalter Samuel
52%
RW - Ivory CoastSalomon Kalou
51%
LB - RomaniaCristian Chivu
45%
RB - PortugalJosé Bosingwa
45%
LW - EnglandRyan Bertrand
42%

Score Distribution

Percentile by Number Answered

Percent of People with Each Score

Your Score History

You have not taken this quiz